000 00300nam a22001337a 4500
008 170306b xxu||||| |||| 00| 0 eng d
020 _a9781451192803
041 _aeng
080 _213 ED
_a611
100 _a6
101 _aSHM
245 _aTHE HUMAN BODY AND DISEASE
_cCOHEN.B.J
942 _2udc
_cBK
999 _c6832
_d6832